Gen Z Slang - Statistics

General Stats
  • This quiz has been taken 1,051 times
  • The average score is 6 of 13
Answer Stats
Hint Answer % Correct
Shortened form of “suspicious” Sus
96%
Anyone born between 1946-1964 Baby Boomer
87%
Basic, new player or person, often in a game Noob
80%
Quality of being able to woo people Rizz
77%
Describes good food Bussin’
48%
Randomly scrolling to relieve depression Doomscrolling
45%
Extremely buff or muscular Swole / Chad
44%
Onomatopoeia for throwing something weirdly Yeet
41%
Extremely stylish / Trendy Drippy
36%
Something that is embarrasing or weird Cringe
31%
A hyper realistic AI-generated fake image Deepfake
29%
An inferior imitation of something, eg a LEGO brick Rip-Off
9%
What gives power and strength to those who are online too much Touching Grass
4%
No matching quizzes found
Score Distribution
Percent of People with Each Score
Percentile by Number Answered
Your Score History
You have not taken this quiz